000 00582nam a2200229Ia 4500
003 OSt
005 20220923225518.0
006 a|||||r|||| 00| 0
007 ta
008 Pun
024 _a270,151
037 _cTextual
040 _aARTS
_cARTS
_bPun
041 _2Pun
_aPun
082 _aO153jN33, M1
100 _aਕਾਂਗ
245 0 _aਸੁਜਾਨ ਸਿੰਘ ਅਭਿਨੰਦਨ ਗ੍ਰੰਥ
260 _c1981
650 _aਪੰਜਾਬੀ ਸਾਹਿਤ
942 _hO153jN33, M1
_cTEXL
_2CC
999 _c378748
_d378748